[Event "Collado Villalba op-B 35th"]
[Site "Collado Villalba ESP"]
[Date "2018.08.30"]
[Round "7.20"]
[White "Pena Hernandez, Francisco"]
[Black "Ariza del Castillo, Pablo"]
[Result "1/2-1/2"]
[WhiteElo "1622"]
[BlackElo "1170"]
[PlyCount "102"]
[EventDate "2018.08.24"]
[EventType "swiss"]
[EventRounds "9"]
[EventCountry "ESP"]
[SourceTitle "Ajedrez en Madrid"]
[Source "lmi"]
[SourceDate "2018.08.24"]

1. d4 g6 2. e4 d6 3. c4 Bg7 4. Nc3 Nf6 5. Bf4 O-O 6. h3 Nbd7 7. Nf3 b6 8. Be2
Bb7 9. Qc2 Re8 10. Rd1 Qc8 11. O-O e5 12. dxe5 dxe5 13. Bh2 c6 14. Rfe1 Nh5 15.
Bf1 Nf4 16. Bxf4 exf4 17. Qd2 Ne5 18. Qxf4 Nxf3+ 19. Qxf3 Qe6 20. Qe2 Re7 21.
Qd2 Rae8 22. f3 Be5 23. Qc2 Qf6 24. Qc1 Bf4 25. Qc2 Qg5 26. Ne2 Bc7 27. Qc3 Bc8
28. Kh1 Qh4 29. Rd3 Be5 30. Qd2 Bxb2 31. g3 Qf6 32. Bg2 Be5 33. Rd1 Bc7 34. f4
c5 35. Nc3 Bb7 36. Kg1 Qe6 37. Nd5 Bxd5 38. cxd5 Qd6 39. e5 Rxe5 40. fxe5 Rxe5
41. Re1 Rxe1+ 42. Qxe1 c4 43. Rd1 b5 44. Qe8+ Kg7 45. Qxb5 Qxg3 46. Qxc4 Qe3+
47. Kf1 Bb6 48. Qc2 Qf4+ 49. Ke2 Qe3+ 50. Kf1 Qg1+ 51. Ke2 Qe3+ 1/2-1/2

[Event "Collado Villalba op-B 35th"]
[Site "Collado Villalba ESP"]
[Date "2018.08.30"]
[Round "7.21"]
[White "Andrade Sandoval, Marian"]
[Black "Fernandez Martinez, Luis"]
[Result "0-1"]
[WhiteElo "1234"]
[BlackElo "1566"]
[PlyCount "82"]
[EventDate "2018.08.24"]
[EventType "swiss"]
[EventRounds "9"]
[EventCountry "ESP"]
[SourceTitle "Ajedrez en Madrid"]
[Source "lmi"]
[SourceDate "2018.08.24"]

1. d4 e6 2. Nf3 f5 3. Bf4 Nf6 4. e3 d5 5. Ne5 Nbd7 6. Bb5 c6 7. Bd3 Be7 8. c4
O-O 9. c5 Nxe5 10. Bxe5 Bd7 11. h3 Be8 12. g4 Nd7 13. Bf4 g5 14. gxf5 exf5 15.
Bh2 Bg6 16. Nc3 Qe8 17. Qf3 Bh5 18. Qg2 Qf7 19. Ne2 Kh8 20. O-O-O b6 21. b4
bxc5 22. bxc5 Rac8 23. Rd2 Bg6 24. Ba6 Rce8 25. Ng1 f4 26. Nf3 fxe3 27. Ne5
exd2+ 28. Kxd2 Nxe5 29. Bxe5+ Kg8 30. Rf1 Bxc5 31. Qxg5 Qf5 32. Qxf5 Rxf5 33.
Bb7 Bb4+ 34. Kc1 Rf3 35. Kb2 Rc3 36. Rc1 Rxc1 37. Kxc1 Be4 38. Kd1 c5 39. Bc6
Re6 40. Bd7 Rg6 41. dxc5 Rg1+ 0-1

[Event "Collado Villalba op-B 35th"]
[Site "Collado Villalba ESP"]
[Date "2018.08.30"]
[Round "7.22"]
[White "Penas Merino, Ramona"]
[Black "Marret, Constantin Pierre"]
[Result "0-1"]
[WhiteElo "1440"]
[BlackElo "1565"]
[PlyCount "94"]
[EventDate "2018.08.24"]
[EventType "swiss"]
[EventRounds "9"]
[EventCountry "ESP"]
[SourceTitle "Ajedrez en Madrid"]
[Source "lmi"]
[SourceDate "2018.08.24"]

1. d4 Nf6 2. Nf3 g6 3. e3 d5 4. Be2 Bg7 5. b3 O-O 6. Bb2 Nbd7 7. O-O c5 8. Nbd2
a6 9. Rc1 b5 10. dxc5 Nxc5 11. Ne5 Bb7 12. Bd4 Ne6 13. Ba1 d4 14. exd4 Nxd4 15.
Nef3 Nxe2+ 16. Qxe2 e6 17. c4 bxc4 18. Nxc4 Bd5 19. Rfd1 Rc8 20. Ne3 Rxc1 21.
Rxc1 Qa5 22. Nxd5 Nxd5 23. Bxg7 Kxg7 24. a4 Kg8 25. Qc4 Rb8 26. h3 Rb4 27. Qc5
Qxc5 28. Rxc5 Rxb3 29. Rc6 Rb6 30. Rc5 Rb4 31. Ra5 Nb6 32. Rxa6 Nxa4 33. Ne5
Nc5 34. Ra7 Rb7 35. Ra8+ Kg7 36. Rc8 Nd7 37. Nxd7 Rxd7 38. Rc2 h5 39. f4 f5 40.
Re2 Kf6 41. g3 Re7 42. Kf2 e5 43. fxe5+ Rxe5 44. Rxe5 Kxe5 45. Kf3 g5 46. g4
hxg4+ 47. hxg4 f4 0-1

[Event "Collado Villalba op-B 35th"]
[Site "Collado Villalba ESP"]
[Date "2018.08.30"]
[Round "7.23"]
[White "Rodriguez Gomez, Jose"]
[Black "Rojas Fernandez, Antonio"]
[Result "1/2-1/2"]
[WhiteElo "1534"]
[BlackElo "1141"]
[PlyCount "94"]
[EventDate "2018.08.24"]
[EventType "swiss"]
[EventRounds "9"]
[EventCountry "ESP"]
[SourceTitle "Ajedrez en Madrid"]
[Source "lmi"]
[SourceDate "2018.08.24"]

1. e4 e5 2. Nf3 Nc6 3. Nc3 Nf6 4. Bc4 Bc5 5. O-O O-O 6. d3 h6 7. a3 d6 8. h3
Be6 9. Bxe6 fxe6 10. Na4 Bb6 11. Nxb6 axb6 12. Nh2 d5 13. f3 Qd7 14. Qe1 Nd4
15. Qf2 dxe4 16. Qd2 exf3 17. Nxf3 Nxf3+ 18. Rxf3 Qd4+ 19. Qe3 Qxe3+ 20. Rxe3
Nd7 21. Rg3 Kh7 22. Bd2 Rf7 23. Rf1 Raf8 24. Rxf7 Rxf7 25. Re3 e4 26. Rxe4 Nc5
27. Rc4 c6 28. a4 e5 29. Be3 Ne6 30. b4 b5 31. axb5 cxb5 32. Re4 Nd4 33. Bxd4
exd4 34. Rxd4 Rc7 35. c4 bxc4 36. dxc4 b6 37. b5 Kg6 38. Rd6+ Kf5 39. Rc6 Rxc6
40. bxc6 Ke6 41. Kf2 Kd6 42. c7 Kxc7 43. Ke3 Kd6 44. Kd4 Kc6 45. g3 g6 46. Kd3
Kd6 47. Kd4 Kc6 1/2-1/2

[Event "Collado Villalba op-B 35th"]
[Site "Collado Villalba ESP"]
[Date "2018.08.30"]
[Round "7.24"]
[White "Murillo Paz, Pedro"]
[Black "Martinez Martinez, Antonio"]
[Result "1-0"]
[WhiteElo "1428"]
[BlackElo "1480"]
[PlyCount "118"]
[EventDate "2018.08.24"]
[EventType "swiss"]
[EventRounds "9"]
[EventCountry "ESP"]
[SourceTitle "Ajedrez en Madrid"]
[Source "lmi"]
[SourceDate "2018.08.24"]

1. e4 g6 2. Nf3 d6 3. Bc4 Nf6 4. Nc3 c6 5. d4 Bg4 6. O-O Bg7 7. e5 dxe5 8.
Bxf7+ Kf8 9. dxe5 Kxf7 10. Ng5+ Ke8 11. Qxd8+ Kxd8 12. exf6 Bxf6 13. Nf7+ Ke8
14. Nxh8 Bxh8 15. Bg5 b5 16. Rfe1 e5 17. f3 Bf5 18. Ne4 Be6 19. Bf6 Bxf6 20.
Nxf6+ Ke7 21. Nxh7 Nd7 22. Ng5 Bd5 23. f4 Kf6 24. Ne4+ Kf5 25. Ng3+ Kxf4 26.
Rad1 Re8 27. Ne2+ Kg4 28. Nc3 Nf6 29. h3+ Kf5 30. Rf1+ Ke6 31. Rd2 Bc4 32. Re1
Kf5 33. Rf2+ Ke6 34. g4 g5 35. b3 Bd5 36. Rf5 e4 37. Nxd5 cxd5 38. c4 bxc4 39.
bxc4 d4 40. c5 d3 41. Kf2 Rb8 42. Rxf6+ Kxf6 43. Rxe4 Rd8 44. Ke1 Rd5 45. Rc4
Ke5 46. c6 Rd8 47. Kd2 Ke6 48. a4 Rh8 49. Kxd3 Rxh3+ 50. Kd4 Rh8 51. Kc5 Rc8
52. Rd4 Ke7 53. Rd7+ Ke6 54. Rxa7 Rb8 55. Rb7 Rd8 56. Kb6 Rd6 57. a5 Kd5 58.
Rd7 Ke6 59. Rxd6+ Kxd6 1-0

[Event "Collado Villalba op-B 35th"]
[Site "Collado Villalba ESP"]
[Date "2018.08.30"]
[Round "7.25"]
[White "Benito Alba, Eladio"]
[Black "Martin Rodriguez, Jose Luis"]
[Result "1/2-1/2"]
[WhiteElo "1535"]
[BlackElo "1266"]
[PlyCount "46"]
[EventDate "2018.08.24"]
[EventType "swiss"]
[EventRounds "9"]
[EventCountry "ESP"]
[SourceTitle "Ajedrez en Madrid"]
[Source "lmi"]
[SourceDate "2018.08.24"]

1. d4 Nf6 2. c4 e6 3. Nc3 Bb4 4. Nf3 O-O 5. e3 c5 6. Bd3 d5 7. O-O dxc4 8. Bxc4
cxd4 9. exd4 Nc6 10. a3 Bxc3 11. bxc3 Nd5 12. Qc2 h6 13. Re1 Nce7 14. Ne5 Qc7
15. Bd2 b6 16. Bd3 Nf6 17. f4 Bb7 18. f5 exf5 19. Bxf5 Nxf5 20. Qxf5 Qd6 21.
Re2 Rae8 22. Bf4 Qe6 23. Qxe6 Rxe6 1/2-1/2

[Event "Collado Villalba op-B 35th"]
[Site "Collado Villalba ESP"]
[Date "2018.08.30"]
[Round "7.26"]
[White "Perez Rodrigo, Alicia"]
[Black "Andrade Espinoza, Jhamil"]
[Result "1-0"]
[WhiteElo "1351"]
[BlackElo "1221"]
[PlyCount "85"]
[EventDate "2018.08.24"]
[EventType "swiss"]
[EventRounds "9"]
[EventCountry "ESP"]
[SourceTitle "Ajedrez en Madrid"]
[Source "lmi"]
[SourceDate "2018.08.24"]

1. d4 d5 2. c4 e6 3. Nc3 Nf6 4. Bg5 b6 5. e3 h6 6. Bh4 Be7 7. Nf3 Nc6 8. cxd5
exd5 9. Bb5 Bd7 10. Bxf6 Bxf6 11. Nxd5 a6 12. Bd3 O-O 13. O-O Re8 14. Nxf6+
Qxf6 15. Rc1 Ra7 16. a3 Bg4 17. Be2 Qd6 18. h3 Bh5 19. d5 Ne5 20. Nxe5 Bxe2 21.
Qxe2 Qxe5 22. Rfd1 Rd8 23. e4 f5 24. f3 Rd6 25. Re1 f4 26. Qd2 Qg5 27. e5 Rg6
28. e6 Qe7 29. Qxf4 Rf6 30. Qb4 c5 31. Qxb6 Rb7 32. Qxc5 Kh7 33. d6 Qd8 34. e7
Qe8 35. Qc8 Qxc8 36. Rxc8 Rxd6 37. e8=Q Rxb2 38. Qe4+ Rg6 39. Rh8+ Kxh8 40.
Qxg6 Rb8 41. Re8+ Rxe8 42. Qxe8+ Kh7 43. Qa8 1-0

[Event "Collado Villalba op-B 35th"]
[Site "Collado Villalba ESP"]
[Date "2018.08.30"]
[Round "7.27"]
[White "Rapaport, Andres Natalio"]
[Black "Buergo Villanueva, Fernando"]
[Result "0-1"]
[WhiteElo "1277"]
[BlackElo "1272"]
[PlyCount "50"]
[EventDate "2018.08.24"]
[EventType "swiss"]
[EventRounds "9"]
[EventCountry "ESP"]
[SourceTitle "Ajedrez en Madrid"]
[Source "lmi"]
[SourceDate "2018.08.24"]

1. d4 e6 2. Bf4 g5 3. Bg3 d5 4. Nf3 Nc6 5. e3 f6 6. c3 h5 7. h3 a6 8. Bd3 h4 9.
Bh2 Nh6 10. Bg6+ Kd7 11. O-O f5 12. Qa4 b5 13. Qd1 Qe7 14. Ne5+ Nxe5 15. dxe5
Rg8 16. Bh5 g4 17. hxg4 fxg4 18. e4 Bb7 19. Bf4 Qh7 20. exd5 Bxd5 21. Bxh6 Bxh6
22. Bxg4 Qe4 23. f3 Be3+ 24. Kh2 Qxe5+ 25. Kh3 Qg3# 0-1

[Event "Collado Villalba op-B 35th"]
[Site "Collado Villalba ESP"]
[Date "2018.08.30"]
[Round "7.28"]
[White "Orta Vazquez, Mario"]
[Black "Criado Herrero, Luis"]
[Result "1/2-1/2"]
[WhiteElo "1429"]
[BlackElo "1488"]
[PlyCount "68"]
[EventDate "2018.08.24"]
[EventType "swiss"]
[EventRounds "9"]
[EventCountry "ESP"]
[SourceTitle "Ajedrez en Madrid"]
[Source "lmi"]
[SourceDate "2018.08.24"]

1. Nf3 e6 2. c4 Nf6 3. Nc3 b6 4. g3 Bb7 5. Bg2 d6 6. d4 Nbd7 7. O-O c6 8. Re1
Be7 9. e4 e5 10. d5 O-O 11. b4 Qc7 12. a3 a5 13. Bb2 axb4 14. axb4 Rxa1 15.
Bxa1 Ra8 16. Qb3 h6 17. Bb2 Nh7 18. Ra1 Rxa1+ 19. Bxa1 Qb8 20. Qa4 Qc8 21. Bb2
Ndf6 22. Qa7 Bd8 23. h4 Nd7 24. Bh3 Qc7 25. Bxd7 Qxd7 26. Qb8 Nf8 27. Qa7 Qc8
28. Kg2 Nd7 29. Qa3 Nb8 30. b5 c5 31. Nd1 Nd7 32. Qc3 Nf6 33. Nd2 Qd7 34. f3
Bc8 1/2-1/2

[Event "Collado Villalba op-B 35th"]
[Site "Collado Villalba ESP"]
[Date "2018.08.31"]
[Round "8.1"]
[White "Gonzalez Pinar, Adrian"]
[Black "Fernandez Estremera, Fernando"]
[Result "1/2-1/2"]
[WhiteElo "1593"]
[BlackElo "1830"]
[PlyCount "122"]
[EventDate "2018.08.24"]
[EventType "swiss"]
[EventRounds "9"]
[EventCountry "ESP"]
[SourceTitle "Ajedrez en Madrid"]
[Source "lmi"]
[SourceDate "2018.08.24"]

1. c4 e5 2. g3 Nc6 3. Bg2 Bc5 4. Nc3 a6 5. e3 d6 6. h3 Nge7 7. Nge2 Ba7 8. d4
exd4 9. exd4 O-O 10. O-O Bf5 11. g4 Bd7 12. f4 f5 13. g5 Ng6 14. Be3 h6 15. h4
Nxh4 16. Bd5+ Kh7 17. Qe1 Ng6 18. Qg3 Qe8 19. Kf2 Nge7 20. Rh1 Qg6 21. Rh3 Be6
22. Bxe6 Qxe6 23. d5 Qxe3+ 24. Qxe3 Ne5 25. fxe5 dxe5 26. Qxa7 Rxa7 27. gxh6
gxh6 28. Rah1 Rf6 29. Re3 Ng6 30. Rh5 Ra8 31. Rh1 e4 32. b3 Ne5 33. Reh3 Nd3+
34. Kf1 Re8 35. Nd4 e3 36. R1h2 f4 37. Nf3 Nf2 38. Rh4 Nd3 39. a3 a5 40. Rc2
Re7 41. Ke2 Nc5 42. b4 axb4 43. axb4 Nd7 44. Ra2 Rg7 45. Rh2 Rfg6 46. Ne1 Ne5
47. c5 Rg3 48. Ne4 f3+ 49. Kxe3 Ng4+ 50. Kf4 Rg1 51. Nxf3 Rf7+ 52. Nf6+ Rxf6+
53. Ke4 Rg3 54. Rh4 Rfxf3 55. Rxg4 Rxg4+ 56. Kxf3 Rxb4 57. Ra7 Rc4 58. d6 cxd6
59. Rxb7+ Kg6 60. cxd6 Rd4 61. d7 Kf6 1/2-1/2

[Event "Collado Villalba op-B 35th"]
[Site "Collado Villalba ESP"]
[Date "2018.08.31"]
[Round "8.2"]
[White "Gamboa Ondono, Jesus"]
[Black "Liceras Ruiz, Manuel"]
[Result "1/2-1/2"]
[WhiteElo "1749"]
[BlackElo "1642"]
[PlyCount "126"]
[EventDate "2018.08.24"]
[EventType "swiss"]
[EventRounds "9"]
[EventCountry "ESP"]
[SourceTitle "Ajedrez en Madrid"]
[Source "lmi"]
[SourceDate "2018.08.24"]

1. c4 e5 2. g3 Nc6 3. Bg2 g6 4. Nc3 Bg7 5. e4 Nge7 6. Nge2 d6 7. d3 a6 8. Be3
Rb8 9. a4 O-O 10. O-O Nb4 11. d4 Nec6 12. Rc1 h6 13. d5 Ne7 14. c5 a5 15. cxd6
cxd6 16. Nb5 b6 17. Qd2 Na6 18. Bxh6 Nc5 19. Bxg7 Kxg7 20. Qc2 Ba6 21. Nec3 Qd7
22. f4 f6 23. Rf3 Rbc8 24. Bf1 Rh8 25. h4 Qg4 26. Qg2 Rhd8 27. fxe5 fxe5 28.
Be2 Qd7 29. Rcf1 Rf8 30. Qf2 Rxf3 31. Qxf3 Ng8 32. Kh2 Rd8 33. g4 Qe7 34. g5
Bc8 35. Rf2 Nb7 36. Qe3 Nc5 37. Qf3 Nb7 38. Nb1 Nc5 39. Bd1 Ba6 40. b3 Bxb5 41.
axb5 Nd7 42. Nd2 Rf8 43. Qg3 Nc5 44. Bc2 Rxf2+ 45. Qxf2 Qd7 46. Qe2 Ne7 47. Kg3
Nc8 48. Qf1 Qe7 49. Nc4 Qd8 50. Qf3 Qe7 51. Bd1 Qf7 52. Qxf7+ Kxf7 53. h5 gxh5
54. Bxh5+ Kg7 55. Kf3 Nxb3 56. Ke3 Nd4 57. Bg4 Na7 58. Nxd6 Naxb5 59. Nxb5 Nxb5
60. Bd7 Nd6 61. Bf5 Kf7 62. Kd3 Kg7 63. Ke3 Kf7 1/2-1/2

[Event "Collado Villalba op-B 35th"]
[Site "Collado Villalba ESP"]
[Date "2018.08.31"]
[Round "8.3"]
[White "Garcia Serrano, Jose Manuel"]
[Black "Fernandez Rios, Jose Francisco"]
[Result "1/2-1/2"]
[WhiteElo "1908"]
[BlackElo "1729"]
[PlyCount "40"]
[EventDate "2018.08.24"]
[EventType "swiss"]
[EventRounds "9"]
[EventCountry "ESP"]
[SourceTitle "Ajedrez en Madrid"]
[Source "lmi"]
[SourceDate "2018.08.24"]

1. e4 c5 2. d4 cxd4 3. c3 g6 4. Nf3 d5 5. exd5 Qxd5 6. cxd4 Nf6 7. Nc3 Qa5 8.
Bd2 Qd8 9. Bc4 Bg7 10. Qa4+ Bd7 11. Qb3 O-O 12. d5 Na6 13. Bxa6 bxa6 14. O-O
Rb8 15. Qa3 Bb5 16. Nxb5 Rxb5 17. Nd4 Rb7 18. Nc6 Qxd5 19. Nxe7+ Rxe7 20. Qxe7
Qxd2 1/2-1/2

[Event "Collado Villalba op-B 35th"]
[Site "Collado Villalba ESP"]
[Date "2018.08.31"]
[Round "8.4"]
[White "De Dompablo Fantova, Juan"]
[Black "Mataix Fernandez, Ricardo"]
[Result "1-0"]
[WhiteElo "1638"]
[BlackElo "1724"]
[PlyCount "117"]
[EventDate "2018.08.24"]
[EventType "swiss"]
[EventRounds "9"]
[EventCountry "ESP"]
[SourceTitle "Ajedrez en Madrid"]
[Source "lmi"]
[SourceDate "2018.08.24"]

1. e4 e6 2. d3 c5 3. g3 Nc6 4. Bg2 Nge7 5. Nf3 g6 6. O-O Bg7 7. Nc3 a6 8. Be3
Nd4 9. Rb1 O-O 10. Ne2 Nec6 11. Ne1 e5 12. c3 Nxe2+ 13. Qxe2 d6 14. h4 h5 15.
Qd2 Bg4 16. f4 f5 17. exf5 exf4 18. Bd5+ Kh8 19. Bxf4 gxf5 20. Nf3 Bxf3 21.
Rxf3 Qd7 22. Re1 Ne5 23. Rfe3 Rae8 24. Qe2 Bf6 25. Qxh5+ Qh7 26. Qxh7+ Kxh7 27.
d4 cxd4 28. cxd4 Nf3+ 29. Bxf3 Bxd4 30. Kg2 Bxe3 31. Rxe3 Rxe3 32. Bxe3 b5 33.
Bd5 Kg6 34. Kf3 a5 35. Bf4 Rd8 36. Ke3 Rc8 37. Kd3 a4 38. a3 Rc7 39. Bd2 Rc5
40. Bf3 Rc8 41. Bb4 Kf6 42. Bc3+ Kf7 43. Ke3 Rg8 44. Kf4 Ke6 45. Be2 Rb8 46.
Bd3 Kd5 47. Bxf5 Kc4 48. g4 d5 49. Be5 Rf8 50. h5 d4 51. Ke4 Re8 52. Kf4 Kd5
53. Bf6 Re2 54. h6 Rxb2 55. h7 Rh2 56. h8=Q Rxh8 57. Bxh8 b4 58. axb4 a3 59.
Bb1 1-0

[Event "Collado Villalba op-B 35th"]
[Site "Collado Villalba ESP"]
[Date "2018.08.31"]
[Round "8.5"]
[White "Lucia Carpintero, Oscar"]
[Black "Munoz Morato, Miguel"]
[Result "1/2-1/2"]
[WhiteElo "1659"]
[BlackElo "1708"]
[PlyCount "44"]
[EventDate "2018.08.24"]
[EventType "swiss"]
[EventRounds "9"]
[EventCountry "ESP"]
[SourceTitle "Ajedrez en Madrid"]
[Source "lmi"]
[SourceDate "2018.08.24"]

1. d4 Nf6 2. Bf4 g6 3. e3 Bg7 4. h3 d5 5. Nf3 c6 6. c3 Bf5 7. Bd3 Bxd3 8. Qxd3
O-O 9. Nbd2 Re8 10. O-O Nbd7 11. e4 Nh5 12. Bh2 dxe4 13. Nxe4 Nhf6 14. Nxf6+
Bxf6 15. Rad1 Qa5 16. a3 Rad8 17. Qc2 Bg7 18. Rfe1 e6 19. Qb3 b6 20. Bc7 Rc8
21. Bg3 Qa6 22. Ne5 Qb7 1/2-1/2

[Event "Collado Villalba op-B 35th"]
[Site "Collado Villalba ESP"]
[Date "2018.08.31"]
[Round "8.6"]
[White "Ballina Amandi, Casimiro"]
[Black "Suarez Paz, Alfonso"]
[Result "1-0"]
[WhiteElo "1781"]
[BlackElo "1842"]
[PlyCount "103"]
[EventDate "2018.08.24"]
[EventType "swiss"]
[EventRounds "9"]
[EventCountry "ESP"]
[SourceTitle "Ajedrez en Madrid"]
[Source "lmi"]
[SourceDate "2018.08.24"]

1. e4 d6 2. d4 Nf6 3. Nc3 g6 4. Nf3 Bg7 5. Be2 O-O 6. O-O Nbd7 7. Re1 e5 8. Bg5
a6 9. a4 exd4 10. Nxd4 Nc5 11. Bd3 Ne6 12. Nxe6 Bxe6 13. Qd2 c6 14. a5 Qc7 15.
f4 Ng4 16. h3 Bd4+ 17. Kh1 Nf2+ 18. Kh2 Nxd3 19. cxd3 f6 20. Bh6 Rf7 21. Ne2
Ba7 22. Qc3 Re8 23. Nd4 Bb8 24. g3 Bc8 25. Nf3 Qd7 26. g4 Qc7 27. d4 Bd7 28. e5
d5 29. Re2 f5 30. gxf5 Bxf5 31. Ng5 Rfe7 32. Rc1 Ba7 33. Rd2 Rc8 34. b4 Bb8 35.
Nf3 Qd7 36. Nh4 Be4 37. Qg3 Rf7 38. Rf1 Bf5 39. Bg5 Qe6 40. Bf6 Bc7 41. Qg5
Rcf8 42. Nxf5 Rxf6 43. Nh6+ Kg7 44. exf6+ Rxf6 45. Ng4 Rf5 46. Qh6+ Kg8 47. Qh4
Rxf4 48. Nh6+ Kg7 49. Rxf4 Qe3 50. Rdf2 Qe1 51. Kg2 Qe4+ 52. Rxe4 1-0

[Event "Collado Villalba op-B 35th"]
[Site "Collado Villalba ESP"]
[Date "2018.08.31"]
[Round "8.7"]
[White "Tirado Parra, Alberto"]
[Black "Herrero Corada, Jose Ignacio"]
[Result "1-0"]
[WhiteElo "1837"]
[BlackElo "1764"]
[PlyCount "43"]
[EventDate "2018.08.24"]
[EventType "swiss"]
[EventRounds "9"]
[EventCountry "ESP"]
[SourceTitle "Ajedrez en Madrid"]
[Source "lmi"]
[SourceDate "2018.08.24"]

1. e4 c6 2. Nf3 d5 3. Nc3 dxe4 4. Nxe4 Nf6 5. Qe2 Nxe4 6. Qxe4 Nd7 7. Bc4 Nf6
8. Ne5 e6 9. Qe2 Bd6 10. O-O O-O 11. d4 c5 12. dxc5 Bxc5 13. Bg5 Be7 14. Rad1
Qc7 15. Rd3 b6 16. Rfd1 a5 17. Rc3 Bb4 18. Bxf6 Bxc3 19. Qg4 g6 20. bxc3 Re8
21. Bb5 h5 22. Qg5 1-0

[Event "Collado Villalba op-B 35th"]
[Site "Collado Villalba ESP"]
[Date "2018.08.31"]
[Round "8.8"]
[White "Navas Hernando, Oscar"]
[Black "Garcia Castineira, Ivan"]
[Result "1/2-1/2"]
[WhiteElo "1790"]
[BlackElo "1673"]
[PlyCount "70"]
[EventDate "2018.08.24"]
[EventType "swiss"]
[EventRounds "9"]
[EventCountry "ESP"]
[SourceTitle "Ajedrez en Madrid"]
[Source "lmi"]
[SourceDate "2018.08.24"]

1. d4 d5 2. c4 e6 3. Nc3 Nf6 4. cxd5 exd5 5. Bg5 Be7 6. e3 O-O 7. Bd3 h6 8. Bh4
Nc6 9. Nge2 a6 10. O-O b5 11. f3 Be6 12. Bf2 Nb4 13. Bb1 c5 14. dxc5 Bxc5 15.
Nd4 Qb6 16. a3 Bxd4 17. exd4 Nc6 18. b4 a5 19. Bd3 axb4 20. Nxb5 bxa3 21. Rxa3
Rxa3 22. Nxa3 Qb2 23. Nc2 Ra8 24. Qb1 Ra2 25. Qxb2 Rxb2 26. Ra1 g6 27. g4 Kg7
28. Ra6 Nb4 29. Nxb4 Rxb4 30. Ra1 Nd7 31. Rb1 Rxb1+ 32. Bxb1 f5 33. h3 fxg4 34.
hxg4 h5 35. g5 Nb6 1/2-1/2

[Event "Collado Villalba op-B 35th"]
[Site "Collado Villalba ESP"]
[Date "2018.08.31"]
[Round "8.9"]
[White "Mejias Gonzalez, Pedro"]
[Black "Tevar Sanz, Gonzalo"]
[Result "0-1"]
[WhiteElo "1593"]
[BlackElo "1757"]
[PlyCount "114"]
[EventDate "2018.08.24"]
[EventType "swiss"]
[EventRounds "9"]
[EventCountry "ESP"]
[SourceTitle "Ajedrez en Madrid"]
[Source "lmi"]
[SourceDate "2018.08.24"]

1. e4 d6 2. d3 e5 3. Nf3 Nf6 4. Bg5 Be7 5. h3 c5 6. c4 Qb6 7. b3 Nc6 8. Nc3 Nd4
9. Bd2 Bd7 10. Nxd4 exd4 11. Nd5 Nxd5 12. exd5 a5 13. a4 O-O 14. Be2 Rfe8 15.
O-O Bf6 16. Bg4 Bxg4 17. hxg4 h6 18. Qc2 Qc7 19. Rfe1 Qd7 20. f3 b6 21. Rxe8+
Rxe8 22. Re1 Rxe1+ 23. Bxe1 Qe7 24. Kf1 Be5 25. Qe2 Qf6 26. g3 g5 27. Qe4 Kg7
28. Kg2 Qd8 29. Bd2 Kg8 30. f4 gxf4 31. gxf4 Bf6 32. Qf5 Qe7 33. Kf3 Bh4 34.
Qe4 Qd7 35. f5 Bg5 36. Bxg5 hxg5 37. f6 Qc8 38. Qe7 Qb8 39. Qd7 Qf8 40. Ke4 Kh7
41. Qe7 Qg8 42. Kf3 Kg6 43. Qxd6 Qh8 44. Qe5 Qh3+ 45. Qg3 Qf1+ 46. Qf2 Qxd3+
47. Kg2 Qe4+ 48. Qf3 Qxf3+ 49. Kxf3 Kxf6 50. Ke4 Ke7 51. Kd3 Kd6 52. Ke4 f6 53.
Kd3 Ke5 54. Ke2 f5 55. Kf3 fxg4+ 56. Kxg4 d3 57. Kf3 g4+ 0-1

[Event "Collado Villalba op-B 35th"]
[Site "Collado Villalba ESP"]
[Date "2018.08.31"]
[Round "8.10"]
[White "Lizon Martinez, Santiago"]
[Black "Centeno Mendoza, Julio Stefano"]
[Result "0-1"]
[WhiteElo "1715"]
[BlackElo "1574"]
[PlyCount "84"]
[EventDate "2018.08.24"]
[EventType "swiss"]
[EventRounds "9"]
[EventCountry "ESP"]
[SourceTitle "Ajedrez en Madrid"]
[Source "lmi"]
[SourceDate "2018.08.24"]

1. e4 e5 2. Nf3 Nc6 3. Bb5 a6 4. Ba4 Nf6 5. d3 Bc5 6. O-O d6 7. c3 O-O 8. Nbd2
Ne7 9. Re1 Ng6 10. Nf1 Bd7 11. Bxd7 Qxd7 12. Ng3 Rad8 13. d4 Ba7 14. Qb3 c6 15.
Bg5 h6 16. Bxf6 gxf6 17. Nf5 Kh7 18. Rad1 Ne7 19. Ng3 Qc7 20. Nh4 exd4 21. cxd4
d5 22. e5 fxe5 23. Rxe5 Ng6 24. Nxg6 fxg6 25. Qe3 Rd7 26. h4 Qd6 27. h5 gxh5
28. Re6 Qf4 29. Qd3+ Kh8 30. Re2 h4 31. Nh5 Qg4 32. Re5 Bb8 33. f3 Qg8 34. Rf5
Rdf7 35. Re5 Bxe5 36. dxe5 Rxf3 37. Qd4 c5 38. Qxh4 Qg6 39. Nf6 d4 40. Rf1
Rxf1+ 41. Kxf1 Kg7 42. Qf4 Rxf6 0-1

[Event "Collado Villalba op-B 35th"]
[Site "Collado Villalba ESP"]
[Date "2018.08.31"]
[Round "8.11"]
[White "Criado Riesgo, Manuel"]
[Black "Castro Uceda, Jose Antonio"]
[Result "1-0"]
[WhiteElo "1665"]
[BlackElo "1569"]
[PlyCount "77"]
[EventDate "2018.08.24"]
[EventType "swiss"]
[EventRounds "9"]
[EventCountry "ESP"]
[SourceTitle "Ajedrez en Madrid"]
[Source "lmi"]
[SourceDate "2018.08.24"]

1. d4 Nf6 2. Nf3 d5 3. e3 e6 4. Bd3 Bd6 5. O-O O-O 6. c4 c5 7. Nc3 Nc6 8. Re1
Re8 9. dxc5 Bxc5 10. cxd5 exd5 11. Na4 Bb4 12. Bd2 Bg4 13. Be2 d4 14. Bxb4 Nxb4
15. Nxd4 Bxe2 16. Rxe2 Qa5 17. Nc3 Rad8 18. Rd2 Nbd5 19. Nde2 Nxc3 20. Nxc3
Rxd2 21. Qxd2 Ne4 22. Nxe4 Qe5 23. Nc3 Qa5 24. Rd1 h6 25. h3 Qg5 26. e4 Qe5 27.
f4 Qc5+ 28. Kh1 Qb6 29. f5 a6 30. a3 Qc5 31. Qd4 Qa5 32. Rd3 Kh7 33. Rg3 f6 34.
Qd7 Rg8 35. Nd5 Qe1+ 36. Kh2 Kh8 37. Qf7 Qa5 38. Nxf6 Qd2 39. Qxg8# 1-0

[Event "Collado Villalba op-B 35th"]
[Site "Collado Villalba ESP"]
[Date "2018.08.31"]
[Round "8.12"]
[White "Bahillo Vallejo, Ignacio"]
[Black "Melcon Diez, Enrique"]
[Result "1/2-1/2"]
[WhiteElo "1415"]
[BlackElo "1660"]
[PlyCount "104"]
[EventDate "2018.08.24"]
[EventType "swiss"]
[EventRounds "9"]
[EventCountry "ESP"]
[SourceTitle "Ajedrez en Madrid"]
[Source "lmi"]
[SourceDate "2018.08.24"]

1. c4 b6 2. Nc3 e6 3. b3 Bb7 4. e3 Nf6 5. Nf3 Be7 6. Be2 O-O 7. Bb2 c5 8. O-O
d5 9. d4 Nc6 10. dxc5 bxc5 11. cxd5 exd5 12. Rc1 Rc8 13. Na4 Nb4 14. a3 Na6 15.
Bxf6 Bxf6 16. Qd2 Qd7 17. Rfd1 c4 18. Bxc4 Rfd8 19. Be2 Qe7 20. b4 Nc7 21. Nd4
Ne6 22. Nxe6 fxe6 23. Nc5 Ba8 24. Bg4 Rc6 25. Rc2 e5 26. Qe2 d4 27. exd4 Rxd4
28. Rxd4 exd4 29. Qxe7 Bxe7 30. Bf3 Rc8 31. Bxa8 Rxa8 32. Rd2 a5 33. g3 axb4
34. axb4 Bxc5 35. bxc5 Rc8 36. Rxd4 Rxc5 37. h4 Rc1+ 38. Kg2 Rc2 39. Kf3 Rc7
40. g4 Rf7+ 41. Rf4 Rc7 42. Re4 Rf7+ 43. Kg3 h6 44. g5 g6 45. Re6 Kg7 46. f3 h5
47. Rd6 Kh7 48. Rd4 Kg7 49. Kf2 Ra7 50. Ke3 Re7+ 51. Re4 Ra7 52. Kd4 Rd7+
1/2-1/2